| 000 | 00754nam a2200217 a 4500 | ||
|---|---|---|---|
| 005 | 20260110063923.0 | ||
| 008 | 081109s2002 mx r 000 0 spa d | ||
| 035 | _aUPN01000165903 | ||
| 049 | _aUNE | ||
| 080 | _a37.018.8 (100) =20 "2002" ANI | ||
| 245 | 0 | 0 |
_aAn International strategy to put the Dakar fremework for action on education for all into operation / _cDirector of publication Abhimanyu Singh |
| 260 |
_aParis : _bUNESCO, _c2002 |
||
| 300 |
_a44 p. ; _bil. |
||
| 440 | 0 | _aED-2002/WS/13 | |
| 690 | _aEducación universal | ||
| 690 | _aEstrategias de enseñanza | ||
| 690 |
_aEducación básica _97340 |
||
| 700 | 1 | _aSingh, Abhimanyu | |
| 711 | 2 | _aForo Mundial sobre Educación, Dakar, Senegal 26-28 de abril de 2000 | |
| 905 | _aUNESCO | ||
| 999 |
_c138015 _d138015 |
||